Sin trilogy. 2, Hříšně provinilá /
Pokračování "hříšné" erotické série o osudové přitažlivosti Lincolna Riscoffa a Whitney Gableové.
Uloženo v:
| Série: | Sin trilogy,
část 2 |
|---|---|
| Hlavní autor: | |
| Další autoři: | |
| Médium: | E-kniha |
| Jazyk: | Czech |
| Vydáno: |
Praha :
Baronet,
2023
|
| Vydání: | Vydání první |
| Témata: | |
| Příbuzné jednotky: | Z cyklu::
Sin trilogy |
| Tagy: |
Žádné tagy |
| LEADER | 02204nam a2200469 i 4500 | ||
|---|---|---|---|
| 001 | 311894 | ||
| 003 | CZ PrSKC | ||
| 005 | 20260601215713.0 | ||
| 007 | ta | ||
| 008 | 230412s2023 xr e 000 f cze | ||
| 015 | |a cnb003508178 | ||
| 020 | |a 9788026920502 |q (vázáno) | ||
| 035 | |a (OCoLC)1378694976 | ||
| 040 | |a ABG001 |b cze |d ABA001 |e rda | ||
| 041 | 1 | |a cze |h eng | |
| 072 | 7 | |a 821.111(73)-3 |x Americká próza |2 Konspekt | |
| 080 | |a 821.111(73)-31 |2 MRF | ||
| 080 | |a (0:82-993) |2 MRF | ||
| 100 | 1 | |a March, Meghan |7 xx0256271 |4 aut | |
| 240 | 1 | 0 | |a Guilty as sin. |l Česky |
| 245 | 1 | 0 | |a Sin trilogy. |n 2, |p Hříšně provinilá / |c Meghan March ; přeložila: Eva Brožová |
| 246 | 3 | 0 | |a Hříšně provinilá |
| 250 | |a Vydání první | ||
| 264 | 1 | |a Praha : |b Baronet, |c 2023 | |
| 300 | |a 256 stran ; |c 21 cm | ||
| 336 | |a text |b txt |2 rdacontent | ||
| 337 | |a bez média |b n |2 rdamedia | ||
| 338 | |a svazek |b nc |2 rdacarrier | ||
| 500 | |a Přeloženo z angličtiny | ||
| 520 | 2 | |a Pokračování "hříšné" erotické série o osudové přitažlivosti Lincolna Riscoffa a Whitney Gableové. |b Člověk je vinen, dokud se neprokáže opak. Takhle to na světě chodí, ne? Už mám po krk toho, že mě okolí odsuzuje bez důkazů, jen protože jsem Gableová. Riscoffovým možná patří tohle město, ale já už kašlu na jejich pravidla. Kéž bych dokázala zapomenout, jak snadno mě Lincoln Riscoff dokáže okouzlit. Nakladatelská anotace. | |
| 546 | |a Český text | ||
| 655 | 7 | |a americké romány |7 fd131796 |2 czenas | |
| 655 | 7 | |a erotické romány |7 fd132211 |2 czenas | |
| 655 | 9 | |a American fiction |2 eczenas | |
| 655 | 9 | |a erotic novels |2 eczenas | |
| 700 | 1 | |a Brožová, Eva |7 jn20010309864 |4 trl | |
| 787 | 0 | 8 | |i Z cyklu: |t Sin trilogy |g 2 |
| 900 | |a ABA001 |b 21 | ||
| 044 | |a xr | ||
| 910 | |a RBIT002 | ||
| 998 | |d 372539 |a https://core.palmknihy.cz/api/books/372539/cover?sgwed9 |b https://core.palmknihy.cz/api/books/372539/cover/400?sgwed9 |c https://core.palmknihy.cz/api/books/372539/cover/50?sgwed9 |e 2032-11-19 |g 256 |i 9788026920502 |j https://core.palmknihy.cz/api/books/372539/preview.epub |l |q 49 |r 1 |s https://www.palmknihy.cz/kniha/372539 |t ebook |y 2023 |z 0 |v Sin Trilogy |w 2 | ||
| 999 | |d 311892 | ||